CCDI Architecture : interaction with a complex context

Bibliographic Details
Corporate Author: China Construction Design International
Format: Book
Language:English
Published: Victoria : Images Publishing , 2013
Series:Master architect series
Subjects:

MARC

LEADER 00000cam a2200000 7i4500
001 0000025836
005 20150316.0
008 040320145 xxua eng
020 |a 9781864704617 ,   |c RM 157.00 
040 |a INS 
090 0 0 |a NA2750   |b C6 2013 
110 2 |a China Construction Design International 
245 1 0 |a CCDI Architecture :   |b interaction with a complex context   |c CCDI 
260 |a Victoria :   |b Images Publishing ,   |c 2013 
300 |a 264p. :   |b ill. ;   |c 34cm. 
490 0 |a Master architect series 
504 |a Includes bibliography and index. 
650 0 |a Architecture   |z China. 
650 0 |a China Construction Design International. 
999 |a 1000002116   |b BOOK   |c Open Shelf   |e Default branch